00593 a2200181 4500003000400000005001700004008004100021020001800062040000900080082001900089100002700108245003900135260003900174300000800213942004400221952012900265999001700394OSt20231229114830.0231229b |||||||| |||| 00| 0 eng d a9789350004487 coclc a891.431bKUM/S aKumar, Dushyant910205 aSURYA KA SWAGAT /cDushyanth Kumar aNew Delhi:bVani Prakashan,c2016. a79p 2ddccBKh891.431iKUM/Sk891.431mKUM/S 00102ddc40708POEaMESbMEScHINd2023-12-29l0o891.431 KUM/Sp43250r2023-12-29 11:49:10v200.00w2023-12-29yBKzGR6R5 c43616d43616